[Event "ITA-chTA 52nd"]
[White "Fier,Alexandr"]
[Black "Lagarde,Maxime"]
[Site "Montesilvano"]
[Round "6.1"]
[Annotator ""]
[Result "1/2-1/2"]
[Date "2021.09.23"]
[WhiteElo "2564"]
[BlackElo "2625"]
[PlyCount "96"]

1. e4 c5 2. Nf3 d6 3. d4 cxd4 4. Nxd4 Nf6 5. Nc3 g6 6. Be3 Bg7 7. f3 O-O 8. Qd2 Nc6 9. g4 Be6 10. Nxe6 fxe6 11. O-O-O Ne5 12. Be2 Qc8 13. h4 Nfd7 14. f4 Nc4 15. Bxc4 Qxc4 16. h5 Bxc3 17. Qxc3 Qxc3 18. bxc3 Nf6 19. hxg6 hxg6 20. Rh6 Kf7 21. Bd4 Nxe4 22. Re1 Nf6 23. g5 Nd5 24. f5 e5 25. fxg6+ Kg8 26. c4 Nf4 27. Be3 Rac8 28. Reh1 Kg7 29. Rh7+ Kxg6 30. Rxe7 Rxc4 31. Rh6+ Kxg5 32. Rxd6 Kf5 33. Rxb7 Rfc8 34. Rd2 a5 35. Kb2 a4 36. a3 Ke6 37. Rb6+ R8c6 38. Rb5 Re4 39. Bxf4 exf4 40. Rh2 Kf7 41. Rb4 Rcc4 42. Rb6 f3 43. Rh7+ Kg8 44. Ra7 Rf4 45. Rg6+ Kf8 46. Rh6 Kg8 47. Rg6+ Kf8 48. Rh6 Kg8 1/2-1/2

[Event "ITA-chTA 52nd"]
[White "Fier,Alexandr"]
[Black "David,Alberto"]
[Site "Montesilvano"]
[Round "4.1"]
[Annotator ""]
[Result "1/2-1/2"]
[Date "2021.09.22"]
[WhiteElo "2564"]
[BlackElo "2521"]
[PlyCount "61"]

1. e4 c6 2. d4 d5 3. e5 Bf5 4. h4 h5 5. Bd3 Bxd3 6. Qxd3 Qa5+ 7. Nd2 e6 8. Ngf3 Nh6 9. O-O Nf5 10. c4 Be7 11. b4 Qd8 12. Rb1 O-O 13. g3 dxc4 14. Qxc4 Qd5 15. Qe2 Qxa2 16. Rb3 a5 17. bxa5 Qxa5 18. Rxb7 Qa6 19. Qxa6 Nxa6 20. Nc4 Rfb8 21. Rxb8+ Rxb8 22. Ne3 Nxe3 23. Bxe3 c5 24. Ra1 cxd4 25. Nxd4 Nb4 26. Rb1 Ra8 27. Nf3 Rc8 28. Kg2 Ra8 29. Bd4 Rc8 30. Be3 Ra8 31. Bd4 1/2-1/2

[Event "ITA-chTA 52nd"]
[White "Fier,Alexandr"]
[Black "Aranovitch,Emiliano"]
[Site "Montesilvano"]
[Round "2.1"]
[Annotator ""]
[Result "1/2-1/2"]
[Date "2021.09.21"]
[WhiteElo "2564"]
[BlackElo "2386"]
[PlyCount "84"]

1. e4 c5 2. Nf3 d6 3. d4 cxd4 4. Nxd4 Nf6 5. Nc3 Nc6 6. Bg5 e6 7. Qd2 Be7 8. O-O-O Nxd4 9. Qxd4 O-O 10. f4 a6 11. h4 Qc7 12. Bd3 Rd8 13. Qe3 b5 14. e5 dxe5 15. fxe5 Nd5 16. Nxd5 Rxd5 17. Qe4 g6 18. Bxe7 Qxe7 19. h5 Qg5+ 20. Kb1 Bb7 21. hxg6 hxg6 22. Rdf1 Qxe5 23. Qf3 Qg7 24. Rh4 Rad8 25. Qh3 Rd4 26. Rxf7 Kxf7 27. Rh7 Be4 28. Rxg7+ Kxg7 29. Qxe6 Bxd3 30. cxd3 R8d6 31. Qe7+ Kh6 32. Qe3+ g5 33. Qh3+ Rh4 34. Qc8 Rhd4 35. g4 R6d5 36. Qxa6+ Kg7 37. Qb7+ Kf6 38. Qc6+ Ke5 39. Qc7+ Kf6 40. Qc3 Ke5 41. Qc7+ Kf6 42. Qc3 Ke5 1/2-1/2

[Event "ITA-chTA 52nd"]
[White "Stella,Andrea"]
[Black "Fier,Alexandr"]
[Site "Montesilvano"]
[Round "1.1"]
[Annotator ""]
[Result "1/2-1/2"]
[Date "2021.09.20"]
[WhiteElo "2445"]
[BlackElo "2564"]
[PlyCount "81"]

1. d4 d5 2. c4 c6 3. Nf3 Nf6 4. Nc3 e6 5. e3 Nbd7 6. Bd3 dxc4 7. Bxc4 b5 8. Bd3 Bd6 9. Qc2 Bb7 10. e4 e5 11. Bg5 exd4 12. Nxd4 g6 13. Rd1 Qb8 14. h3 a6 15. O-O O-O 16. f4 c5 17. Nf5 c4 18. Nxd6 Qxd6 19. Be2 Qb6+ 20. Kh2 Nc5 21. e5 Nfe4 22. Be7 Rfe8 23. Bxc5 Nxc5 24. Rd6 Qc7 25. Qd2 Rad8 26. Rd1 Rxd6 27. Qxd6 Qxd6 28. Rxd6 Rc8 29. a3 Bc6 30. Kg3 Kf8 31. Bg4 Rc7 32. Bf3 Bb7 33. Bxb7 Rxb7 34. Kf3 a5 35. Rd5 Ne6 36. Ne4 Rb8 37. Ke3 b4 38. Rxa5 bxa3 39. Rxa3 Rxb2 40. Ra8+ Kg7 41. g3 1/2-1/2

[Event "Tbilisi Gaprindashvili Cup"]
[White "Fier,Alexandr"]
[Black "Quparadze,Giga"]
[Site "Tbilisi"]
[Round "7"]
[Annotator ""]
[Result "0-1"]
[Date "2021.09.16"]
[WhiteElo "2524"]
[BlackElo "2574"]
[PlyCount "134"]

1. e4 c5 2. Nf3 e6 3. d4 cxd4 4. Nxd4 a6 5. Bd3 Nc6 6. Nxc6 dxc6 7. Bf4 Ne7 8. Nd2 Ng6 9. Be3 Be7 10. a4 O-O 11. g3 Bf6 12. Ra2 Bd4 13. Qe2 e5 14. O-O Be6 15. Bc4 Bxe3 16. Qxe3 Qe7 17. a5 Rad8 18. Ra4 Bxc4 19. Rxc4 Rd7 20. Nb3 Rfd8 21. Kg2 h5 22. h4 Qe6 23. Qe2 Rd6 24. Nc5 Qe7 25. Qxh5 Rd4 26. Qe2 R8d6 27. Rxd4 Rxd4 28. c3 Rd6 29. h5 Nf8 30. Qg4 Nd7 31. Nxb7 Re6 32. h6 g6 33. h7+ Kh8 34. Rd1 Nf8 35. Nd8 Rf6 36. Qh4 g5 37. Qxg5 Nxh7 38. Qd2 Nf8 39. b4 Kg7 40. Qe3 Rh6 41. Qc5 Qg5 42. f4 Rh2+ 43. Kxh2 Qh5+ 44. Kg2 Qxd1 45. Qxe5+ Kg8 46. Qd4 Qe2+ 47. Kg1 Qe1+ 48. Kg2 Qe2+ 49. Qf2 Qxe4+ 50. Kh2 Nd7 51. Qa2 Qh7+ 52. Kg2 Nf6 53. Qe2 c5 54. Nc6 cxb4 55. cxb4 Qb1 56. b5 Qc1 57. Ne7+ Kf8 58. Nf5 Kg8 59. bxa6 Qc6+ 60. Kh2 Qc5 61. a7 Qxa7 62. Qd2 Qa8 63. Qb2 Qa6 64. Kg2 Qc6+ 65. Kh2 Qe6 66. Qb8+ Kh7 67. Qe5 Ng4+ 0-1

[Event "Tbilisi Gaprindashvili Cup"]
[White "Kiladze,Luka"]
[Black "Fier,Alexandr"]
[Site "Tbilisi"]
[Round "8"]
[Annotator ""]
[Result "0-1"]
[Date "2021.09.16"]
[WhiteElo "1775"]
[BlackElo "2524"]
[PlyCount "124"]

1. d4 Nf6 2. c4 c5 3. d5 g6 4. Nc3 Bg7 5. e4 O-O 6. Nf3 e6 7. Be2 exd5 8. cxd5 d6 9. O-O Re8 10. Nd2 Nbd7 11. Qc2 Ne5 12. h3 g5 13. Nc4 Nxc4 14. Bxc4 g4 15. h4 Nd7 16. Bg5 Bf6 17. Qd2 Ne5 18. Be2 Kh8 19. Bxf6+ Qxf6 20. Qg5 Qxg5 21. hxg5 a6 22. f4 gxf3 23. gxf3 b5 24. Kf2 Ra7 25. Rh1 Ng6 26. Nd1 f5 27. gxf6 Rf7 28. Ke1 Rxf6 29. Ne3 Ne5 30. Rf1 Ref8 31. a4 Bd7 32. axb5 Bxb5 33. Nf5 Bd7 34. Rxa6 Bxf5 35. exf5 Rb8 36. Kd1 Nd7 37. Kc1 Nb6 38. Rd1 Rxf5 39. Ra7 Nxd5 40. Bd3 Rh5 41. Bxh7 Ne3 42. Re1 Ng2 43. Ree7 Rh1+ 44. Kc2 Ne1+ 45. Kc3 d5 46. Bf5 Nxf3 47. Rh7+ Rxh7 48. Rxh7+ Kg8 49. Rd7 d4+ 50. Kc4 Ne5+ 51. Kxc5 Nxd7+ 52. Bxd7 d3 53. b4 d2 54. Bg4 Rc8+ 55. Kb6 Rc4 56. Be6+ Kf8 57. Bxc4 d1=Q 58. Ba6 Ke7 59. b5 Kd6 60. Ka7 Qd4+ 61. b6 Kc6 62. Bb7+ Kb5 0-1

[Event "Tbilisi Gaprindashvili Cup"]
[White "Fier,Alexandr"]
[Black "Sanikidze,Tornike"]
[Site "Tbilisi"]
[Round "5"]
[Annotator ""]
[Result "1/2-1/2"]
[Date "2021.09.15"]
[WhiteElo "2524"]
[BlackElo "2500"]
[PlyCount "85"]

1. e4 c5 2. Nf3 d6 3. d4 cxd4 4. Nxd4 Nf6 5. Nc3 Nc6 6. Bg5 e6 7. Qd2 Qb6 8. O-O-O Qxd4 9. Qxd4 Nxd4 10. Rxd4 a6 11. Na4 Nd7 12. c4 Rb8 13. f3 b6 14. Be2 Bb7 15. Kb1 Bc6 16. Nc3 h6 17. Be3 g5 18. h4 Rg8 19. hxg5 hxg5 20. Rdd1 Be7 21. Kc2 Ne5 22. b4 b5 23. cxb5 Bxb5 24. Nxb5 axb5 25. Kb3 Kd7 26. a3 Rgc8 27. Rc1 Rxc1 28. Rxc1 d5 29. Ba7 Rb7 30. Bd4 Nc4 31. exd5 exd5 32. Rd1 Kc6 33. Rh1 Rb8 34. Rh6+ Bd6 35. Rf6 Ra8 36. Bxc4 dxc4+ 37. Kb2 Re8 38. Kc3 Re2 39. g4 Ra2 40. Bc5 Rxa3+ 41. Kc2 Rd3 42. Bxd6 Rxd6 43. Rxf7 1/2-1/2

[Event "Tbilisi Gaprindashvili Cup"]
[White "Lortkipanidze,Nodar"]
[Black "Fier,Alexandr"]
[Site "Tbilisi"]
[Round "6"]
[Annotator ""]
[Result "0-1"]
[Date "2021.09.15"]
[WhiteElo "2437"]
[BlackElo "2524"]
[PlyCount "38"]

1. e4 Nf6 2. e5 Nd5 3. c4 Nb6 4. d4 d6 5. exd6 cxd6 6. Nc3 g6 7. Be3 Bg7 8. Rc1 O-O 9. b3 e5 10. dxe5 dxe5 11. Qxd8 Rxd8 12. c5 N6d7 13. Nb5 Nc6 14. Bc4 e4 15. Rd1 Nde5 16. Rxd8+ Nxd8 17. Bd5 Nd3+ 18. Ke2 Ne6 19. Nd6 Ndf4+ 0-1

[Event "Tbilisi Gaprindashvili Cup"]
[White "Bagaturov,Giorgi"]
[Black "Fier,Alexandr"]
[Site "Tbilisi"]
[Round "4"]
[Annotator ""]
[Result "0-1"]
[Date "2021.09.14"]
[WhiteElo "2365"]
[BlackElo "2524"]
[PlyCount "86"]

1. Nf3 d5 2. c4 c6 3. e3 Nf6 4. Nc3 e6 5. b3 Bd6 6. Qc2 O-O 7. Be2 b6 8. O-O Bb7 9. d4 Nbd7 10. Rd1 Qe7 11. e4 Nxe4 12. Nxe4 dxe4 13. Qxe4 f5 14. Qd3 Nf6 15. Bb2 c5 16. d5 exd5 17. cxd5 Rae8 18. Bf1 Ne4 19. g3 Qf7 20. Bg2 Re7 21. Nd2 Nxd2 22. Qxd2 f4 23. Re1 f3 24. Bh3 Bxd5 25. Rxe7 Bxe7 26. Re1 Rd8 27. Qe3 Kf8 28. Bg4 Bf6 29. Bh5 g6 30. Qh6+ Kg8 31. Bxf6 Qxf6 32. Bg4 Bf7 33. h4 Rd4 34. Bh3 b5 35. Qc1 c4 36. bxc4 bxc4 37. Qa3 a6 38. Bf1 Rd2 39. Rc1 Kg7 40. Bxc4 Qd4 41. Qe3 Bxc4 42. Rxc4 Rd1+ 43. Kh2 Qxe3 0-1

[Event "Tbilisi Chiburdanidze Cup"]
[White "Fier,Alexandr"]
[Black "Zarkua,Davit"]
[Site "Tbilisi"]
[Round "7"]
[Annotator ""]
[Result "1-0"]
[Date "2021.09.11"]
[WhiteElo "2564"]
[BlackElo "2437"]
[PlyCount "69"]

1. e4 e5 2. Nf3 Nf6 3. d4 Nxe4 4. dxe5 d5 5. Nbd2 Be7 6. Bd3 Nc5 7. Be2 Nc6 8. O-O O-O 9. Nb3 Ne4 10. h3 h6 11. Be3 Bf5 12. c4 dxc4 13. Nbd4 Nxd4 14. Nxd4 Bg6 15. Bxc4 Bc5 16. f4 Ng3 17. Re1 Qe7 18. Qg4 Bxd4 19. Bxd4 Qb4 20. Rac1 Nf5 21. a3 Qe7 22. Bf2 Kh8 23. Qf3 c5 24. Bd5 Nd4 25. Qc3 Rad8 26. Bxd4 cxd4 27. Qxd4 Bf5 28. Qc4 Qh4 29. Rf1 b5 30. Qxb5 Bxh3 31. gxh3 Qg3+ 32. Bg2 Rd2 33. Qb7 Qe3+ 34. Kh1 Rfd8 35. Rc8 1-0

[Event "Tbilisi Chiburdanidze Cup"]
[White "Jojua,Davit"]
[Black "Fier,Alexandr"]
[Site "Tbilisi"]
[Round "8"]
[Annotator ""]
[Result "1-0"]
[Date "2021.09.11"]
[WhiteElo "2557"]
[BlackElo "2564"]
[PlyCount "127"]

1. d4 d5 2. c4 e6 3. Nf3 Nf6 4. g3 Bb4+ 5. Bd2 Be7 6. Bg2 O-O 7. Qc2 Nbd7 8. O-O Ne4 9. Bf4 c6 10. Nc3 f5 11. Ne5 Nd6 12. cxd5 exd5 13. Nxc6 bxc6 14. Nxd5 Ne4 15. Bc7 cxd5 16. Bxd8 Rxd8 17. Rfc1 Ndf6 18. Bxe4 fxe4 19. Qc7 Kf8 20. f3 Ba6 21. Kf2 Rd6 22. Rc6 Ne8 23. Qxd6 Nxd6 24. Rxa6 Rc8 25. Rxa7 Bf6 26. Rd1 Nf5 27. Ra4 e3+ 28. Ke1 Rc2 29. Rb4 Nd6 30. a4 Bd8 31. Kf1 Ba5 32. Rb3 Nc4 33. Rb8+ Ke7 34. b4 Rb2 35. Rb5 Rxb4 36. Rxb4 Bxb4 37. Rd3 g5 38. Kg2 Ba5 39. g4 Bb6 40. h4 h6 41. h5 Kd7 42. Kf1 Kd6 43. Kg2 Kc6 44. Kf1 Kb7 45. Kg2 Ka6 46. Rb3 Bxd4 47. Rd3 Bg7 48. Rxd5 Nb6 49. Rd6 Ka5 50. Rg6 Bf8 51. Rf6 Bg7 52. Rg6 Bf8 53. Rf6 Bg7 54. Rf7 Be5 55. Rh7 Kxa4 56. Rxh6 Nd5 57. Kf1 Kb4 58. Rg6 Kc5 59. h6 Nf6 60. Rg7 Kd6 61. h7 Nxh7 62. Rxh7 Bg3 63. Rf7 Ke6 64. Rf5 1-0

[Event "Online Olym Div Top-D"]
[White "Cori,Jorge Moise"]
[Black "Fier,Alexandr"]
[Site "Chess.com INT"]
[Round "8.3"]
[Annotator ""]
[Result "1-0"]
[Date "2021.09.10"]
[WhiteElo "2654"]
[BlackElo "2564"]
[PlyCount "109"]

1. d4 d5 2. c4 e6 3. Nf3 c6 4. Nc3 Nf6 5. Bg5 dxc4 6. g3 Nbd7 7. Bg2 Be7 8. O-O O-O 9. e4 h6 10. Bxf6 Bxf6 11. e5 Be7 12. a4 a5 13. Qe2 Nb6 14. Rfd1 Nd5 15. Qxc4 Nb4 16. Na2 Qd5 17. Nd2 Qxc4 18. Nxc4 Nxa2 19. Rxa2 Rd8 20. Raa1 Bb4 21. Rac1 Bd7 22. Bf1 Be8 23. Nb6 Rab8 24. Bc4 Kf8 25. Kg2 Ke7 26. f4 f5 27. Be2 g5 28. Kf2 Bf7 29. h4 gxh4 30. gxh4 Rg8 31. Bf3 Rg7 32. Nc4 Rbg8 33. Ne3 Rg3 34. Rg1 Bd2 35. Rxg3 Rxg3 36. Kxg3 Bxc1 37. Nc4 Be8 38. b3 b5 39. Nxa5 bxa4 40. bxa4 c5 41. dxc5 Bxa4 42. Nc4 Bb3 43. Na5 Ba4 44. c6 Bd2 45. Nc4 Be1+ 46. Kh3 Bb5 47. Nd6 Bf1+ 48. Bg2 Bxg2+ 49. Kxg2 Kd8 50. h5 Kc7 51. Nf7 Kxc6 52. Nxh6 Kd7 53. Nf7 Ke7 54. Ng5 Bd2 55. Kf3 1-0

[Event "Online Olym Div Top-D"]
[White "Fier,Alexandr"]
[Black "Gokerkan,Cem Kaan"]
[Site "Chess.com INT"]
[Round "7.4"]
[Annotator ""]
[Result "1-0"]
[Date "2021.09.10"]
[WhiteElo "2564"]
[BlackElo "2465"]
[PlyCount "109"]

1. e4 c5 2. Nf3 d6 3. d4 cxd4 4. Nxd4 Nf6 5. Nc3 g6 6. Be3 Bg7 7. f3 a6 8. Qd2 h5 9. O-O-O b5 10. a3 Bb7 11. h3 Nbd7 12. Bd3 h4 13. f4 Rc8 14. f5 Rxc3 15. Qxc3 Nxe4 16. Qe1 Ndc5 17. fxg6 fxg6 18. Rf1 e5 19. Ne2 Nxd3+ 20. Rxd3 d5 21. Kb1 Qe7 22. Nc3 Nxc3+ 23. Rxc3 e4 24. Qd2 Bxc3 25. Qxc3 Rf8 26. Rd1 Qf6 27. Qc7 Rf7 28. Qb8+ Qd8 29. Qe5+ Qe7 30. Qh8+ Kd7 31. Qb8 Ke6 32. Qg8 Kd7 33. Qxg6 Qe6 34. Qg8 Rf5 35. Qb8 Qc6 36. Qh8 Qf6 37. Qh7+ Qf7 38. Qxh4 Rf1 39. Qg4+ Kc6 40. h4 Rxd1+ 41. Qxd1 Bc8 42. b3 Qg6 43. Qd4 Be6 44. Qb6+ Kd7 45. Qb7+ Ke8 46. Bg5 Bd7 47. Qc7 Qe6 48. Qc3 a5 49. h5 b4 50. Qh8+ Kf7 51. Qh7+ Ke8 52. h6 Qf7 53. Qh8+ Qf8 54. Qe5+ Kf7 55. Qf6+ 1-0

[Event "Tbilisi Chiburdanidze Cup"]
[White "Fier,Alexandr"]
[Black "Managadze,Nikoloz"]
[Site "Tbilisi"]
[Round "5"]
[Annotator ""]
[Result "0-1"]
[Date "2021.09.10"]
[WhiteElo "2564"]
[BlackElo "2453"]
[PlyCount "88"]

1. e4 e6 2. d4 d5 3. Nc3 Nf6 4. e5 Nfd7 5. Nce2 c5 6. c3 Nc6 7. Nf3 Qb6 8. a3 Be7 9. Nf4 cxd4 10. cxd4 g5 11. Nh5 g4 12. Ng7+ Kf8 13. Bh6 gxf3 14. Qxf3 Nxd4 15. Qc3 Nc6 16. Bb5 Rg8 17. Qg3 Rxg7 18. Bxg7+ Ke8 19. Bd3 Qa5+ 20. Kf1 Qd2 21. Bxh7 b6 22. h4 Nd4 23. Qd3 Qxd3+ 24. Bxd3 Nc5 25. Bh7 Ba6+ 26. Kg1 Ne2+ 27. Kh2 Bxh4 28. g3 Be7 29. Kg2 d4 30. b4 Bb7+ 31. f3 Nd7 32. Rad1 Bf8 33. Bh8 a5 34. Rd2 Nc3 35. Bg8 Ne4 36. Rxd4 Ng5 37. Rc1 axb4 38. Rc7 Bxf3+ 39. Kh2 Bd5 40. Rd1 bxa3 41. Rdc1 Bc5 42. Bf6 Nxf6 43. exf6 a2 44. Ra1 Kd8 0-1

[Event "Online Olym Div Top-D"]
[White "Fier,Alexandr"]
[Black "Quesada Perez,Yasser"]
[Site "Chess.com INT"]
[Round "9.3"]
[Annotator ""]
[Result "1/2-1/2"]
[Date "2021.09.10"]
[WhiteElo "2564"]
[BlackElo "2568"]
[PlyCount "48"]

1. e4 d5 2. exd5 Nf6 3. d4 Bg4 4. Nf3 Qxd5 5. Be2 Nc6 6. Be3 O-O-O 7. c4 Qh5 8. Nbd2 e5 9. d5 e4 10. dxc6 exf3 11. cxb7+ Kxb7 12. Bxf3+ Bxf3 13. Qxf3+ Qxf3 14. Nxf3 Ng4 15. Ke2 Nxe3 16. fxe3 Bc5 17. Rad1 Rde8 18. Nd4 Re4 19. Rd3 Rhe8 20. Kf3 Bxd4 21. exd4 Re2 22. Rc1 Rxb2 23. Rb3+ Rxb3+ 24. axb3 a5 1/2-1/2

[Event "Tbilisi Chiburdanidze Cup"]
[White "Sturua,Zurab"]
[Black "Fier,Alexandr"]
[Site "Tbilisi"]
[Round "6"]
[Annotator ""]
[Result "1-0"]
[Date "2021.09.10"]
[WhiteElo "2529"]
[BlackElo "2564"]
[PlyCount "181"]

1. c4 c6 2. Nf3 d5 3. e3 Nf6 4. Nc3 e6 5. b3 Bd6 6. d4 O-O 7. Bb2 Nbd7 8. Be2 b6 9. O-O Bb7 10. Qc2 Qe7 11. Rad1 Rfe8 12. e4 Nxe4 13. Nxe4 dxe4 14. Qxe4 Nf6 15. Qe3 c5 16. h3 Rad8 17. Ne5 Ne4 18. Bf3 f5 19. Bxe4 Bxe4 20. dxc5 Bxc5 21. Qg3 Rf8 22. Rfe1 Rxd1 23. Rxd1 Rd8 24. Rxd8+ Qxd8 25. Nf3 Bf8 26. Ng5 Qd2 27. Be5 Qd7 28. Qh4 h6 29. Nxe4 fxe4 30. Qxe4 Qd2 31. Bg3 Qd7 32. Qa8 Kf7 33. Bb8 Qd1+ 34. Kh2 Bd6+ 35. Bxd6 Qxd6+ 36. g3 a5 37. Qb7+ Kf6 38. Kg2 Qd4 39. h4 Qc5 40. Qf3+ Ke7 41. h5 Qd4 42. Qc6 Kf6 43. Qe8 Qe4+ 44. Kh2 Qd4 45. Kh3 Ke5 46. Qf7 Kd6 47. a3 Qb2 48. Kg2 Qxb3 49. Qxg7 Qxc4 50. Qxh6 Qe4+ 51. Kh2 Qf3 52. Qf4+ Qxf4 53. gxf4 Ke7 54. a4 Kf7 55. Kg3 b5 56. axb5 a4 57. b6 a3 58. b7 a2 59. b8=Q a1=Q 60. Qc7+ Kg8 61. Qd8+ Kf7 62. Qc7+ Kg8 63. Qe5 Qg1+ 64. Kh4 Kf7 65. Qc7+ Kf6 66. Qe5+ Kf7 67. Qe3 Qh1+ 68. Kg5 Qg1+ 69. Qg3 Qa1 70. h6 Qb1 71. Kh4 Qh1+ 72. Kg5 Qb1 73. Kh5 Qh1+ 74. Qh4 Qd5+ 75. Qg5 Qh1+ 76. Qh4 Qd5+ 77. Kg4 Qg2+ 78. Qg3 Qd5 79. Kh4 Qh1+ 80. Qh3 Qg1 81. Qf3 Qh2+ 82. Kg5 Qg1+ 83. Qg4 Qxf2 84. Qh5+ Kf8 85. h7 Qg2+ 86. Qg4 Qd5+ 87. Kh6 Qh1+ 88. Kg6 Qa1 89. Kh6 Qh1+ 90. Qh5 Qa1 91. Qg5 1-0

[Event "Online Olym Div Top-D"]
[White "Arenas Vanegas,David"]
[Black "Fier,Alexandr"]
[Site "Chess.com INT"]
[Round "4.1"]
[Annotator ""]
[Result "0-1"]
[Date "2021.09.09"]
[WhiteElo "2455"]
[BlackElo "2564"]
[PlyCount "166"]

1. e4 c5 2. Nf3 d6 3. Nc3 Nc6 4. d4 cxd4 5. Nxd4 Nf6 6. Be2 e6 7. O-O Be7 8. Be3 O-O 9. f4 Bd7 10. Nb3 a6 11. a4 b6 12. Kh1 Qc7 13. g4 d5 14. e5 Ne4 15. Nxe4 dxe4 16. c3 Rfd8 17. Qe1 Na5 18. Nd4 Nc4 19. Bxc4 Qxc4 20. f5 Qd5 21. Qg3 f6 22. fxe6 Bxe6 23. exf6 Bxf6 24. Rxf6 gxf6 25. Rf1 Rf8 26. Qh4 Ra7 27. h3 Bc8 28. Rxf6 Raf7 29. Rxf7 Rxf7 30. Kg2 a5 31. b3 Qd6 32. Qg5+ Kf8 33. c4 Qf6 34. Qxf6 Rxf6 35. Nb5 Rf3 36. Bxb6 Rxb3 37. Bxa5 Be6 38. c5 e3 39. Nd4 Bd5+ 40. Kg3 Ra3 41. c6 Rxa4 42. c7 Bb7 43. Bb6 Ke8 44. Nf5 e2 45. Kf2 Ba6 46. Nd6+ Kd7 47. c8=Q+ Bxc8 48. Nxc8 Re4 49. Ba5 Kxc8 50. Be1 Kd7 51. Kf3 Re6 52. h4 Ke7 53. g5 Kf7 54. h5 Re5 55. Kf4 Rd5 56. Kf3 Rxg5 57. Kxe2 Rxh5 58. Kf3 Rg5 59. Bg3 Kg6 60. Kg2 Kf5 61. Kh3 Rh5+ 62. Kg2 Kg4 63. Bh2 Rd5 64. Bg1 Rd2+ 65. Kh1 Kh3 66. Bb6 Rh2+ 67. Kg1 Rb2 68. Bc7 Rb1+ 69. Kf2 Rb7 70. Bd6 Rg7 71. Be5 Rg6 72. Bc7 Rg2+ 73. Kf1 Rg4 74. Kf2 Kh4 75. Kf3 Kg5 76. Bg3 h5 77. Bc7 h4 78. Kf2 h3 79. Bd6 Kf5 80. Bc7 Ke4 81. Bd6 Rg2+ 82. Kf1 Kf3 83. Bb8 h2 0-1

[Event "Tbilisi Chiburdanidze Cup"]
[White "Fier,Alexandr"]
[Black "Kiladze,Luka"]
[Site "Tbilisi"]
[Round "4"]
[Annotator ""]
[Result "1-0"]
[Date "2021.09.09"]
[WhiteElo "2564"]
[BlackElo "1775"]
[PlyCount "95"]

1. e4 e6 2. d4 d5 3. Nc3 Nf6 4. e5 Nfd7 5. Nce2 c5 6. c3 Nc6 7. Nf3 Qb6 8. a3 f6 9. exf6 Nxf6 10. g3 Bd6 11. Bg2 O-O 12. O-O Bd7 13. dxc5 Bxc5 14. Ned4 e5 15. b4 Bd6 16. Nxc6 Qxc6 17. Qb3 Rac8 18. Bb2 Qc4 19. Qxc4 Rxc4 20. Rfe1 Ne4 21. Rad1 Bg4 22. Nd2 Rc6 23. Nxe4 dxe4 24. Bxe4 Rb6 25. Rd2 Bc7 26. c4 a5 27. c5 Rbf6 28. Bxb7 axb4 29. axb4 Rb8 30. Bd5+ Kh8 31. Bxe5 Bxe5 32. Rxe5 h5 33. h3 Bf5 34. c6 g6 35. c7 Rc8 36. Re7 Rd6 37. Bb7 Rxc7 38. Re8+ Kg7 39. Rxd6 Rxb7 40. h4 Rxb4 41. Re7+ Kf8 42. Ra7 Rb8 43. Rf6+ Kg8 44. f3 Re8 45. Kf2 Kh8 46. Rff7 Kg8 47. Rg7+ Kh8 48. Rh7+ 1-0

[Event "Online Olym Div Top-D"]
[White "Fier,Alexandr"]
[Black "Van Foreest,Jorden"]
[Site "Chess.com INT"]
[Round "5.5"]
[Annotator ""]
[Result "0-1"]
[Date "2021.09.09"]
[WhiteElo "2564"]
[BlackElo "2691"]
[PlyCount "72"]

1. e4 c5 2. Nf3 d6 3. d4 cxd4 4. Nxd4 Nf6 5. Nc3 a6 6. f3 e6 7. Be3 h5 8. Be2 b5 9. a3 Nbd7 10. O-O Qc7 11. a4 b4 12. Na2 d5 13. c3 dxe4 14. Nxb4 Bd6 15. f4 Nb6 16. Nxa6 Bxa6 17. Bxa6 Bc5 18. Bb5+ Kf8 19. b4 Bd6 20. Bc6 Rd8 21. b5 Nbd5 22. Qd2 Kg8 23. Bxd5 Nxd5 24. Nc6 Rd7 25. Rad1 f5 26. c4 Nxe3 27. Qxe3 Bxf4 28. Qxf4 Qxf4 29. Rxf4 Rxd1+ 30. Rf1 Rd2 31. b6 Rb2 32. c5 Kh7 33. Rc1 e3 34. a5 Rc8 35. h4 Rxc6 36. a6 Rbxb6 0-1

[Event "Online Olym Div Top-D"]
[White "Howell,David"]
[Black "Fier,Alexandr"]
[Site "Chess.com INT"]
[Round "6.2"]
[Annotator ""]
[Result "1/2-1/2"]
[Date "2021.09.09"]
[WhiteElo "2658"]
[BlackElo "2564"]
[PlyCount "67"]

1. Nf3 d5 2. g3 g6 3. Bg2 Bg7 4. d4 c6 5. O-O Nf6 6. b3 O-O 7. Bb2 a5 8. c4 a4 9. Nbd2 Ne4 10. Qc1 Bf5 11. e3 Qa5 12. Ba3 Re8 13. b4 Qd8 14. Nh4 Nxd2 15. Qxd2 Be6 16. c5 Na6 17. Bb2 a3 18. Bc3 Nc7 19. Rab1 Nb5 20. Ba1 Bf6 21. Nf3 Bf5 22. Rb3 Be4 23. Ne5 Bxg2 24. Kxg2 Qc8 25. Nd3 Bg7 26. h3 h5 27. Qd1 Qf5 28. f4 Qe4+ 29. Rf3 f5 30. h4 Qe6 31. Qd2 Rf8 32. Rf1 Qd7 33. Rc1 Rf6 34. Ne5 1/2-1/2

[Event "Tbilisi Chiburdanidze Cup"]
[White "Sanikidze,Tornike"]
[Black "Fier,Alexandr"]
[Site "Tbilisi"]
[Round "3"]
[Annotator ""]
[Result "1-0"]
[Date "2021.09.09"]
[WhiteElo "2458"]
[BlackElo "2564"]
[PlyCount "111"]

1. d4 d5 2. c4 e6 3. Nf3 c6 4. Qc2 Nf6 5. Bg5 h6 6. Bh4 dxc4 7. Qxc4 b5 8. Qc2 Bb7 9. e3 Nbd7 10. Nbd2 a6 11. a4 Bb4 12. Be2 Qb6 13. O-O O-O 14. Bxf6 Nxf6 15. Nb3 Nd7 16. Rfc1 Be7 17. Nfd2 e5 18. Qf5 Rad8 19. Bf3 exd4 20. exd4 Bg5 21. Qc2 Bxd2 22. Qxd2 Ne5 23. Qa5 Nxf3+ 24. gxf3 Qa7 25. Qc7 Rc8 26. Qd7 Rfd8 27. Qe7 Qb8 28. Nc5 Rc7 29. Qh4 Rd5 30. Re1 Rg5+ 31. Kh1 Qd8 32. Qf4 Bc8 33. Re5 Rxe5 34. dxe5 Qd5 35. Ne4 Kf8 36. Rg1 Be6 37. Qg3 g5 38. h4 Bf5 39. Nf6 Qd3 40. hxg5 hxg5 41. Qxg5 Qxf3+ 42. Rg2 Rc8 43. Qd2 Bg6 44. Qd7 Ra8 45. Kg1 Kg7 46. Rg3 Qe2 47. Re3 Qxb2 48. Ne8+ Kg8 49. e6 Qb1+ 50. Kg2 Qb4 51. exf7+ Bxf7 52. Nf6+ Kf8 53. Nh7+ Kg7 54. Rg3+ Kh8 55. Nf6 Bd5+ 56. Kh2 1-0

[Event "Online Olym Div Top-D"]
[White "Duda,Jan Krzysztof"]
[Black "Fier,Alexandr"]
[Site "Chess.com INT"]
[Round "1.4"]
[Annotator ""]
[Result "1-0"]
[Date "2021.09.08"]
[WhiteElo "2756"]
[BlackElo "2564"]
[PlyCount "85"]

1. d4 Nf6 2. c4 e6 3. Nf3 d5 4. g3 Bb4+ 5. Bd2 Be7 6. Bg2 O-O 7. Qc2 c6 8. h4 b6 9. h5 Ba6 10. h6 g6 11. Ne5 Nfd7 12. cxd5 Nxe5 13. dxe5 cxd5 14. Nc3 Nd7 15. Qa4 Bc4 16. Bf4 b5 17. Qd1 b4 18. Nb1 g5 19. Be3 Nxe5 20. Nd2 Bb5 21. Bd4 Nc6 22. Bg7 Re8 23. Nf3 Bf6 24. Qd2 g4 25. Qf4 Bxg7 26. hxg7 f6 27. Qh6 Kf7 28. Qxh7 Rg8 29. Qh5+ Ke7 30. Qxg4 Qe8 31. Rc1 Rc8 32. Kd2 Qf7 33. Rh7 Kd6 34. Bh3 a5 35. Qf4+ e5 36. Nxe5 Nxe5 37. Rxc8 Rxc8 38. Bxc8 Kc5 39. b3 a4 40. Qf5 axb3 41. axb3 Qa7 42. g8=Q Nf3+ 43. exf3 1-0

[Event "Tbilisi Chiburdanidze Cup"]
[White "Fier,Alexandr"]
[Black "Paichadze,Luka"]
[Site "Tbilisi"]
[Round "2"]
[Annotator ""]
[Result "0-1"]
[Date "2021.09.08"]
[WhiteElo "2564"]
[BlackElo "2553"]
[PlyCount "56"]

1. e4 c6 2. d4 d5 3. f3 e6 4. Nc3 Bb4 5. Bd2 Ne7 6. h4 O-O 7. h5 Nd7 8. h6 g6 9. Nce2 Ba5 10. Nh3 e5 11. dxe5 Nxe5 12. Bc3 Bxc3+ 13. Nxc3 d4 14. Ne2 c5 15. Nef4 Qb6 16. b3 Qf6 17. Qd2 d3 18. Rd1 dxc2 19. Qxc2 Bxh3 20. Nxh3 N7c6 21. Qxc5 Rfd8 22. Nf2 Nd4 23. Nd3 Nexf3+ 24. gxf3 Rac8 25. Qxa7 Qxf3 26. Rh3 Qxe4+ 27. Kf2 Rc2+ 28. Kg1 Qg4+ 0-1

[Event "Online Olym Div Top-D"]
[White "Fier,Alexandr"]
[Black "Xiong,Jeffery"]
[Site "Chess.com INT"]
[Round "2.2"]
[Annotator ""]
[Result "1/2-1/2"]
[Date "2021.09.08"]
[WhiteElo "2564"]
[BlackElo "2700"]
[PlyCount "158"]

1. e4 c6 2. d4 d5 3. f3 Qb6 4. Nc3 dxe4 5. fxe4 e5 6. Nf3 exd4 7. Nxd4 Bc5 8. Na4 Qa5+ 9. c3 Bd6 10. Nf3 Qc7 11. Qd4 f6 12. Nc5 b6 13. Nd3 Nd7 14. Be3 Ne7 15. O-O-O Bb7 16. Nf2 Bc5 17. Qd2 O-O-O 18. Nd4 Ne5 19. Qc2 N7g6 20. g3 Kb8 21. h4 h5 22. Be2 Bc8 23. Kb1 Bd6 24. Nf5 Bxf5 25. exf5 Ne7 26. a4 Qc8 27. Ne4 Nxf5 28. Nxd6 Nxe3 29. Nxc8 Nxc2 30. Rxd8 Rxd8 31. Kxc2 Kxc8 32. Bxh5 Nc4 33. Kb3 Nd2+ 34. Kc2 Ne4 35. Bf3 Nxg3 36. Rg1 Nf5 37. Bg4 g6 38. h5 Kc7 39. Bxf5 gxf5 40. h6 a5 41. h7 Rh8 42. Rg7+ Kd6 43. Kd3 Ke5 44. Ke3 f4+ 45. Kf3 b5 46. axb5 cxb5 47. Rb7 b4 48. cxb4 axb4 49. Rb5+ Ke6 50. Rb7 Kf5 51. Rg7 b3 52. Rb7 Kg5 53. Ke4 Re8+ 54. Kf3 Rh8 55. Rb5+ Kg6 56. Kxf4 Rxh7 57. Rxb3 Rh4+ 58. Kg3 Rc4 59. Rb5 Kf7 60. Kf3 Ke6 61. Ke3 f5 62. Ra5 Rb4 63. Ra6+ Ke5 64. Ra5+ Kf6 65. Kf3 Kg5 66. Rc5 Rxb2 67. Rc3 Rh2 68. Kg3 Rh4 69. Kf2 Kg4 70. Rc4+ f4 71. Rc3 Rh2+ 72. Kf1 Rh3 73. Rxh3 Kxh3 74. Kf2 Kg4 75. Kg2 f3+ 76. Kf2 Kf4 77. Kf1 Kg3 78. Kg1 f2+ 79. Kf1 Kf3 1/2-1/2